000 00376nam a2200133Ia 4500
005 20260326100045.0
008 260326s9999||||xx |||||||||||||| ||und||
100 _aDe la Maza, Francisco
245 0 _aLa Ciudad de México en el Siglo XVII /
_cFrancisco De la Maza
260 _bFondo de Cultura Económica
300 _a131 p.
650 _aARQUITECTURA REGIONAL
942 _cBK
999 _c7177
_d7177